Central Library OPAC University of Rajshahi

পৃথিবীর শ্রেষ্ঠ গল্প / (Record no. 71166)

MARC details
000 -LEADER
fixed length control field 00790nam a2200205 a 4500
003 - CONTROL NUMBER IDENTIFIER
rucl marc code BD-RjUL
005 - DATE AND TIME OF LATEST TRANSACTION
control field 20250826112204.0
008 - FIXED-LENGTH DATA ELEMENTS--GENERAL INFORMATION
fixed length control field 250826s1965 ii ||||| |||| 00| 0 ben d
035 ## - SYSTEM CONTROL NUMBER
System control number (BD-RjUL)
040 ## - CATALOGING SOURCE
Original cataloging agency BD-RjUL
Language of cataloging ben
Transcribing agency BD-RjUL
Modifying agency BD-RjUL
041 ## - LANGUAGE CODE
Language code of text/sound track or separate title ben
082 ## - DEWEY DECIMAL CLASSIFICATION NUMBER
Edition number 23
Classification number 891.73
Author mark and year PRI 1965
245 00 - TITLE STATEMENT
Title পৃথিবীর শ্রেষ্ঠ গল্প /
Statement of responsibility, etc. অনিলেন্দু চক্রবর্তী
260 ## - PUBLICATION, DISTRIBUTION, ETC. (IMPRINT)
Place of publication, distribution, etc. কলিকাতা :
Name of publisher, distributor, etc. মিত্র ও ঘোষ,
Date of publication, distribution, etc. ১৯৬৫
300 ## - PHYSICAL DESCRIPTION
Pagination খন্ড ;
Size ২০সেমি
505 ## - FORMATTED CONTENTS NOTE
Formatted contents note খণ্ড. ১, রুশ --খণ্ড. ৪র্থ ফরাসী--
650 ## - SUBJECT ADDED ENTRY--TOPICAL TERM
Topical term or geographic name as entry element ছোট গল্প--রাশিয়া
9 (RLIN) 210561
Topical term or geographic name as entry element Short sories--Russian.
9 (RLIN) 210562
942 ## - ADDED ENTRY ELEMENTS (KOHA)
Source of classification or shelving scheme Dewey Decimal Classification
Koha item type Books
Holdings
Lost status Source of classification or shelving scheme Damaged status Not for loan Collection code Permanent Location Current Location Shelving location Date acquired Source of acquisition Cost, normal purchase price Total Checkouts Full call number Date last seen Copy number Koha item type
  Dewey Decimal Classification   Not For Loan Non-fiction Central Library, University of Rajshahi Central Library, University of Rajshahi Reading Room 07/10/1974 Jonthon waren and co. ltd. London 4.50   B 891.73 PRI V-1 1965 27/04/2017 C-1 Books
  Dewey Decimal Classification   Not For Loan Non-fiction Central Library, University of Rajshahi Central Library, University of Rajshahi Reading Room 03/09/1973 India Govt.     B 891.73 PRI V-4 1965 26/08/2025 C-1 Books